00423nam a2200145Ia 4500008004100000020001500041041000800056082001600064100003800080245006700118260005200185300001600237365000700253650001700260210719s1991 xx 000 0 und d a0691020663 aeng a153.46 HONF aHONG (Howard V) and HONG (Edna H) aFor self-examination judge for yourself! by Soren Kierkegaard. aNew Jersey.bPrinceton University Press.,c1991 axii,296bPB cRs aIntelligence